Rachet Effects in Currency Substitution : An Application to the Kyrgyz Republic /

Currency substitution is now a common issue in the design of monetary policy in most transition economies. This paper analyzes the persistence of this phenomenon in the Kyrgyz Republic by including a ratchet variable in the model specification. The main conclusion of the paper is that, while some de...

Popoln opis

Bibliografske podrobnosti
Glavni avtor: Mongardini, Joannes
Drugi avtorji: Mueller, Johannes
Format: Revija
Jezik:English
Izdano: Washington, D.C. : International Monetary Fund, 1999.
Serija:IMF Working Papers; Working Paper ; No. 1999/102
Online dostop:Full text available on IMF
LEADER 01711cas a2200253 a 4500
001 AALejournalIMF000972
008 230101c9999 xx r poo 0 0eng d
020 |c 5.00 USD 
020 |z 9781451852592 
022 |a 1018-5941 
040 |a BD-DhAAL  |c BD-DhAAL 
100 1 |a Mongardini, Joannes. 
245 1 0 |a Rachet Effects in Currency Substitution :   |b An Application to the Kyrgyz Republic /  |c Joannes Mongardini, Johannes Mueller. 
264 1 |a Washington, D.C. :  |b International Monetary Fund,  |c 1999. 
300 |a 1 online resource (23 pages) 
490 1 |a IMF Working Papers 
500 |a <strong>Off-Campus Access:</strong> No User ID or Password Required 
500 |a <strong>On-Campus Access:</strong> No User ID or Password Required 
506 |a Electronic access restricted to authorized BRAC University faculty, staff and students 
520 3 |a Currency substitution is now a common issue in the design of monetary policy in most transition economies. This paper analyzes the persistence of this phenomenon in the Kyrgyz Republic by including a ratchet variable in the model specification. The main conclusion of the paper is that, while some degree of persistence is present in the allocation of bank deposit, currency substitution in the economy at large has not yet reached a point where reversing it would be difficult. In this regard, there is still room for monetary policy to influence currency allocation in the private sector. 
538 |a Mode of access: Internet 
700 1 |a Mueller, Johannes. 
830 0 |a IMF Working Papers; Working Paper ;  |v No. 1999/102 
856 4 0 |z Full text available on IMF  |u http://elibrary.imf.org/view/journals/001/1999/102/001.1999.issue-102-en.xml  |z IMF e-Library